ბათუმის შოთა რუსთაველის სახელმწიფო უნივერსიტეტის ბიბლიოთეკა

აზრი (ბიბ.ჩანაწერი № 41961)

000 -LEADER
fixed length control field 00808nam a2200253Ia 4500
001 - CONTROL NUMBER
control field 8645
003 - CONTROL NUMBER IDENTIFIER
control field GE_BSU
008 - FIXED-LENGTH DATA ELEMENTS--GENERAL INFORMATION
fixed length control field 181216s||||||||xx |||||||||||||| ||und||
040 ## - CATALOGING SOURCE
Transcribing agency GE_BSU
080 ## - UNIVERSAL DECIMAL CLASSIFICATION NUMBER
Universal Decimal Classification number 821.353.1-1
100 ## - MAIN ENTRY--PERSONAL NAME
Personal name თურმანიძე, მიხეილ
245 ## - TITLE STATEMENT
Title აზრი
245 ## - TITLE STATEMENT
Remainder of title წერილები, ლექსები
245 ## - TITLE STATEMENT
Statement of responsibility, etc. შეადგ: ზურაბ ზოიძემ; რედ.: ვასო ხიმშიაშვილი.
260 ## - PUBLICATION, DISTRIBUTION, ETC.
Place of publication, distribution, etc. ბათუმი
260 ## - PUBLICATION, DISTRIBUTION, ETC.
Name of publisher, distributor, etc. მთიანეთის გამოც.
260 ## - PUBLICATION, DISTRIBUTION, ETC.
Date of publication, distribution, etc. 2008
300 ## - PHYSICAL DESCRIPTION
Extent 50 გვ; 19 სმ
300 ## - PHYSICAL DESCRIPTION
Other physical details ფ. პორტრ.
653 ## - INDEX TERM--UNCONTROLLED
Uncontrolled term აზრი
653 ## - INDEX TERM--UNCONTROLLED
Uncontrolled term წერილები, ლექსები
942 ## - ADDED ENTRY ELEMENTS (KOHA)
Koha item type წიგნი
ეგზემპლარები
Withdrawn status Lost status Damaged status Not for loan Date acquired Barcode Date last seen Price effective from Koha item type
        2018-12-17 31042 2018-12-17 2018-12-17 წიგნი
        2018-12-17 31043 2018-12-17 2018-12-17 წიგნი